Normal view
MARC view
Entry Topical Term
001 - CONTROL NUMBER
- control field: 25103
003 - CONTROL NUMBER IDENTIFIER
- control field: OSt
005 - DATE AND TIME OF LATEST TRANSACTION
- control field: 20260518124629.0
008 - FIXED-LENGTH DATA ELEMENTS
- fixed length control field: 260518|| aca||aabn | a|a d
040 ## - CATALOGING SOURCE
- Original cataloging agency: OSt
- Transcribing agency: OSt
150 ## - HEADING--TOPICAL TERM
- Topical term or geographic name entry element: Cognitive styles in children
670 ## - SOURCE DATA FOUND
- Source citation: Work cat.: (OSt)22308: Northey Spencer Sheryn 25102, Handbook On Differentiated Instruction For Middle and High Schools, 2005
